01492 a2200217 4500003000500000005001700005010001600022020001700038040000900055082001400064100001900078245010100097250001200198260004600210300003200256440003700288505087000325650002801195700002401223700002701247Nust20221027121728.0 a 78018649 a0201063328 : cNust00a621.3,REI1 aReitz, John R.10aFoundations of electromagnetic theory /cJohn R. Reitz, Frederick J. Milford, Robert W. Christy. a3rd ed. aReading, Mass. :bAddison-Wesley,cc1979. ax, 534 p. :bill. ;c25 cm. 0aAddison-Wesley series in physics aVector Analysis (Page-1), Electrostatics (Page-26), Solution of Electrostatic Problems (Page-56), The Electrostatic Field in Dielectric Media (Page-97), Microscopic Theory of Dielectrics (Page-127), Electrostatic Energy (Page-141), Electric Current (Page-162), The Magnetic Field of Steady Currents (Page-190), Magnetic Properties of Matter (Page-218), Microscopic Theory of Magnetism (Page-256), Electromagnetic Induction (Page-271), Magnetic Energy (Page289), Slowly Varying Currents (Page-305), Physics of Plasmas (Page-341), Electromagnetic Properties of Superconductors (Page-365), Maxwell's Equations (Page-386), Propagation of Monochromatic Electromagnetic Waves (Page-412), Monochromatic Waves in Bounded Regions (Page-441), Dispersion and Oscillating Fields in Dispersive Media (Page-484), The Emission of Radiation (Page-525), Electrodynamics (Page-545),  0aElectromagnetic theory.1 aChristy, Robert W.,1 aMilford, Frederick J.,